| 000 | 02567nam0a2200421 4500 | ||
|---|---|---|---|
| 001 | RU\NLR\BIBL_A\010799578 | ||
| 005 | 20260408192501.0 | ||
| 010 |
_a978-5-91434-026-8 _9100 |
||
| 021 |
_aRU _b2015-40341 _92401 |
||
| 035 | _a(NLR Aleph) 010799578 | ||
| 035 | _a(NILC)RuMoRGB-007943901 | ||
| 090 |
_a10152936 _c10152936 |
||
| 100 | _a20150716d2015 k y0rusy50 ca | ||
| 101 | 0 |
_arus _deng _eeng |
|
| 102 | _aRU | ||
| 105 | _aac||z|||000yy | ||
| 200 | 1 |
_aОбщество в информационной парадигме _eтеория и исследовательские практики _f[В.З. Коган, д.филос.н., С.П. Габуда, д.ф.-м.н., проф., О.А. Донских, д.филос.н., проф. и др. _gпод науч. ред. Л. А. Осьмук, д.социол.н., проф. и др.] _gФедеральное агентство связи, Сибирский гос. ун-т телекоммуникаций и информатики, Ин-т социальных систем и технологий |
|
| 210 |
_aНовосибирск _cSOCIO-PRO _cСибГУТИ _d2015 |
||
| 215 |
_a525 с. _cил., портр., табл. _d25 |
||
| 300 | _aАвт. указаны на 5-й с. текста | ||
| 300 | _aРез. на англ. яз. | ||
| 320 | _aБиблиогр.: с. 460-478 (377 назв.) | ||
| 606 | 1 |
_aОбщество _xИнформатизация _xСоциологические исследования _92393389 _3RU\NLR\AUTH\661427129 |
|
| 606 |
_aИнформология (филос.) _3RU\NLR\AUTH\661301427 _92162673 |
||
| 686 | 1 | _aЮ223.23 | |
| 686 | 1 | _aС508.0 | |
| 686 | 1 | _aС550.57 | |
| 701 | 1 |
_aКоган _bВ. З. _cд-р филос. наук _f1930-2008 _gВладимир Зиновьевич _9147184 _3RU\NLR\AUTH\770147220 |
|
| 701 | 1 |
_aГабуда _bС. П. _gСвятослав Петрович |
|
| 701 | 1 |
_8rus _7ca _aДонских _bО. А. _gОлег Альбертович _3RU\NLR\AUTH\7754155 _937087 |
|
| 702 | 1 |
_4070 _8rus _7ca _aОсьмук _bЛ. А. _f1962- _gЛюдмила Алексеевна _3RU\NLR\AUTH\7737682 _920670 |
|
| 712 | 0 | 2 |
_4570 _aСибирский государственный университет телекоммуникаций и информатики _cНовосибирск _bИнститут социальных систем и технологий _3RU\NLR\AUTH\880404552 _9476091 |
| 801 | 0 |
_aRU _bРГБ _c20150602 _gRCR |
|
| 942 | _cBOOK | ||
| 980 | _aNBR | ||
| 980 | _aNB | ||